Normal view
MARC view
- Kakakhel, Syed Arif Ali Shah
Entry Personal Name
001 - CONTROL NUMBER
- control field: 123465
003 - CONTROL NUMBER IDENTIFIER
- control field: NUST
005 - DATE AND TIME OF LATEST TRANSACTION
- control field: 20240611114256.0
008 - FIXED-LENGTH DATA ELEMENTS
- fixed length control field: 240611|| aca||aabn | a|a d
040 ## - CATALOGING SOURCE
- Original cataloging agency: NUST
- Transcribing agency: NUST
100 ## - HEADING--PERSONAL NAME
- Personal name: Kakakhel, Syed Arif Ali Shah
670 ## - SOURCE DATA FOUND
- Source citation: Work cat.: (NUST): Kakakhel, Syed Arif Ali Shah, Design and Development of Auxetic Polymeric Textile Composites for Enhanced Impact Resistance/
